000 00261nam a2200097Ia 4500
001 687483
005 20250826161556.0
008 250824s9999 xx 000 0 und d
245 0 _aKİBELENİN GÖLGESİNDE
_cYASEMİN YÜCESOY GÜNDOĞAN
260 _bTUDEM YAYINLARI
999 _c687483
_d687483